Les plus grandes prestations individuelles du foot - Statistiques

Statistiques générales
  • Ce quiz a été pris 150 fois
  • Le résultat moyen est 12 sur 15
Statistiques - réponses
Match Joueur % Correct
Triplé contre l'Espagne lors de la Coupe du Monde 2018 Cristiano Ronaldo
95%
Triplé en une mi-temps contre Arsenal en quart de finale de la Ligue des Champions Lionel Messi
93%
Grand artisant de la Remontada face au PSG avec notamment un doublé Neymar
93%
5 buts en 9 minutes contre Wolfsburg Robert Lewandowski
93%
Doublé en finale de Coupe du Monde à 17 ans seulement Pelé
90%
Un doublé et un pénalty obtenu contre l'Argentine en Coupe du Monde Kylian Mbappé
88%
Buteur dans les arrêts de jeu pour offrir le titre à Manchester City en 2012 Sergio Aguëro
88%
Auteur de deux buts lors de la finale de la Ligue des Champions 2018 dont l'un sur un retourné acrobatique Gareth Bale
87%
Quadruplé pour le PSG face à Caen en une mi-temps Edinson Cavani
86%
Patron de la défense italienne auteur d'un match exemplaire en demi finale de la Coupe du Monde 2006 Fabio Cannavaro
83%
14 arrêts lors de la rencontre Manchester United-Arsenal David De Gea
78%
Double buteur sur corner en finale de Coupe du Monde Zinédine Zidane
72%
Auteur d'un match fantastique lors d'un Classico récompensé par un doublé, applaudit à Santiago-Bernabéu Ronaldinho
58%
Doublé en Ligue des Champions contre le FC Barcelone pour une victoire 4-0 Angel Di Maria
41%
5 buts contre Guimgamp lors de la saison 2014-2015 Carlos Eduardo
17%
Aucun quiz correspondant
Distribution des résultats
% des personnes avec chaque résultat
Percentile par nombre de réponses
Votre historique - résultats
Vous n’avez pas pris ce quiz